| 000 | 01262cam a2200349 a 4500 | ||
|---|---|---|---|
| 003 | CHAP | ||
| 005 | 20220329142132.0 | ||
| 008 | 990903d1998 es a r 00110 spa d | ||
| 010 | _a78995 | ||
| 011 | _a79967 | ||
| 020 | _a8471147424 | ||
| 035 | _a90404 | ||
| 040 | _cCHAP | ||
| 082 | 0 | 4 |
_a631.542 _bG5 |
| 100 | 0 | 0 |
_aGil-Albert Velarde, Fernando. _947964 |
| 245 | 1 | 4 |
_aLas podas de las especies arbustivas ornamentales _c/por Fernando Gil-Albert Velarde |
| 260 |
_aMadrid : _bMundi-Prensa, _c1998. |
||
| 300 |
_a127 p. : _bilus. |
||
| 590 |
_aBATCH-UPD _b10 _c20130110 _lUCH01 _h1123 |
||
| 590 |
_aBATCH-UPD _b10 _c20170620 _lUCH01 _h0913 |
||
| 590 |
_aCONVERSION _b10 _c20130109 _lUCH01 _h1344 |
||
| 650 | 1 | 4 |
_aÁrboles ornamentales. _96693 |
| 650 | 1 | 4 |
_aArbustos. _96713 |
| 650 | 1 | 4 |
_aPoda. _989467 |
| 901 | _aBK | ||
| 905 | _aGuadalupe Pinto C. | ||
| 942 | _cLIBRO | ||
| 949 |
_a631.542 G5 _bBC _cC _d33724000738142 _eC _gI.218.00 _h96309 _i90404 _st _t$218.00 |
||
| 949 |
_a631.542 G5 _bBC _cLIBRO _d33724000977120 _eLIBRO _fc.4 _gI. c/e _h106441 _i90404 _si _t$325.00 |
||
| 949 |
_a631.542 G5 _bBC _cLIBRO _d33724000977187 _eLIBRO _fc.3 _gI. c/e _h106440 _i90404 _si _t$325.00 |
||
| 949 |
_a631.542 G5 _bBC _cLIBRO _d33724000977609 _eLIBRO _fc.2 _gI. c/e _h106439 _i90404 _si _t$325.00 |
||
| 999 |
_c78995 _d78995 |
||